Sports Quiz

Random Sports or Baseball Quiz

MLB Most Opening Day Starts by Position Quiz Stats

 Plays Quiz Updated Oct 9, 2017

Also try: Baseball Blitz
Challenge
Share
Tweet
Embed
Score 0/286 Timer 20:00
3 Plays Today
Team Player % Correct
San Diego PadresRandy Jones/Eric Show/Jake Peavy
84.5%
New York MetsCleon Jones/Kevin McReynolds
84.4%
Atlanta BravesAndruw Jones
84.3%
New York YankeesDon Baylor/Ruben Sierra/Nick Johnson
80.2%
Miami MarlinsJosh Beckett/Josh Johnson
80.1%
Arizona DiamondbacksRandy Johnson
79.6%
Miami MarlinsCharles Johnson
79.4%
Chicago White SoxLance Johnson
79.4%
Arizona DiamondbacksMatt Williams
77.9%
San Francisco GiantsMatt Williams
77.9%
Chicago CubsBilly Williams
77.9%
Baltimore OriolesKen Williams/Gary Roenicke
77.9%
Baltimore OriolesCal Ripken Jr
77.8%
New York YankeesDerek Jeter
76.9%
San Diego PadresSteve Garvey/Adrian Gonzalez
76.2%
Seattle MarinersAlex Rodriguez
76%
Texas RangersIvan Rodriguez
75.9%
Detroit TigersAurelio Rodriguez
75.7%
Boston Red SoxDavid Ortiz
72.4%
Baltimore OriolesBrooks Robinson
71.6%
Arizona DiamondbacksLuis Gonzalez
71.4%
Miami MarlinsAlex Gonzalez
71.3%
Toronto Blue JaysAlex Gonzalez
71.3%
Colorado RockiesTodd Helton
71%
Houston AstrosCraig Biggio
70.9%
Cincinnati RedsJohnny Bench
70.7%
Seattle MarinersFelix Hernandez
70.6%
Houston AstrosJeff Bagwell
70.4%
Seattle MarinersKen Griffey Jr
68.6%
Washington NationalsEllis Valentine/Larry Walker/Vladimir Guerrero
68%
Atlanta BravesHank Aaron
67.9%
Seattle MarinersEdgar Martinez/Adrian Beltre/Kyle Seager
67.8%
St. Louis CardinalsOzzie Smith
67.6%
Kansas City RoyalsGeorge Brett
66.8%
New York YankeesMickey Mantle
66.6%
Chicago White SoxFrank Thomas
66.5%
Cleveland IndiansManny Ramirez
66.5%
New York YankeesLou Gehrig
65.7%
Tampa Bay RaysSteven Souza/Dave Martinez/Ben Grieve
65.7%
Seattle MarinersEdgar Martinez
65.6%
San Francisco GiantsBarry Bonds
64.6%
Houston Astros5 Tied
64.4%
Oakland AthleticsReggie Jackson
63.5%
San Francisco GiantsTravis Jackson
63.4%
San Francisco GiantsWillie Mays
63.3%
Arizona DiamondbacksSteve Finley/Chris Young
62.4%
Detroit TigersVictor Martinez
62.3%
Philadelphia PhilliesMike Schmidt
61.3%
Arizona DiamondbacksOrlando Hudson/Jay Bell/Aaron Hill
60.6%
Boston Red SoxCarl Yastrzemski
60.6%
Arizona DiamondbacksPaul Goldschmidt
60.4%
Colorado RockiesLarry Walker
59.7%
Cincinnati RedsJay Bruce
59.2%
Chicago CubsRyne Sandberg
59.1%
Toronto Blue JaysGeorge Bell/Shannon Stewart
59%
Milwaukee BrewersRobin Yount
58.5%
Milwaukee BrewersRobin Yount
58.5%
Chicago CubsSammy Sosa
57.9%
Washington NationalsGary Carter
56.9%
Boston Red SoxRoger Clemens
56.8%
Texas RangersBuddy Bell/Hank Blalock
56.6%
Cincinnati RedsBarry Larkin
56.4%
Philadelphia PhilliesRyan Howard
56.4%
Texas RangersFrank Howard
56.3%
Colorado RockiesDante Bichette/Matt Holliday/Carlos Gonzalez
56.2%
Miami MarlinsMarcell Ozuna/Preston Wilson/Juan Pierre
56.2%
Kansas City RoyalsAlex Gordon
56.1%
Pittsburgh PiratesRoberto Clemente
56%
Tampa Bay RaysFred McGriff/Carlos Pena
56%
Boston Red SoxJason Varitek
55.2%
Minnesota TwinsJoe Mauer
54.7%
Oakland AthleticsMark McGwire
53.6%
Seattle MarinersAlvin Davis/John Olerud
53.5%
Colorado RockiesCharlie Blackmon
53%
Cincinnati RedsBrandon Phillips
52.9%
New York MetsMookie Wilson
52.7%
Seattle MarinersDan Wilson
52.7%
Philadelphia PhilliesJimmy Rollins
52.5%
Boston Red SoxDom DiMaggio
52.4%
Baltimore OriolesJim Palmer/Mike Mussina
52.3%
Minnesota Twins4 Tied
51.8%
Los Angeles AngelsGarret Anderson
51.7%
Chicago White SoxPaul Konerko
50.7%
Detroit TigersTy Cobb
49.8%
Toronto Blue JaysOtto Velez/Paul Molitor/Adam Lind
49.8%
New York MetsEd Kranepool/Keith Hernandez
49.6%
Detroit TigersAl Kaline
49.5%
Milwaukee BrewersPaul Molitor
49.2%
San Diego PadresTony Gwynn
48.9%
Pittsburgh PiratesWillie Stargell
48.8%
Detroit TigersAlan Trammell
48.6%
Miami MarlinsDerrek Lee
48.4%
Boston Red SoxWade Boggs
47.5%
St. Louis CardinalsBob Gibson
47.3%
Atlanta BravesEddie Mathews
47.3%
San Francisco GiantsWillie McCovey
47%
Team Player % Correct
Arizona DiamondbacksDanny Bautista/Justin Upton
47%
Los Angeles DodgersWillie Davis
46.5%
San Diego Padres5 Tied
46.4%
Kansas City RoyalsFrank White
46.1%
New York YankeesRoy White
46%
Oakland AthleticsDick Green
46%
Tampa Bay RaysCorey Dickerson/Jose Canseco/Pat Burrell
45.9%
Chicago CubsRon Santo
45.8%
Seattle MarinersJay Buhner/Ichiro
45.8%
New York MetsTom Seaver
45.7%
Washington NationalsTim Foli/Orlando Cabrera/Ian Desmond
45%
Oakland AthleticsRickey Henderson
44.4%
Chicago White SoxNellie Fox
43.9%
Colorado RockiesTroy Tulowitzki
43.6%
Boston Red SoxGeorge Scott/Mo Vaughn
43.4%
Cleveland IndiansLou Boudreau/Omar Vizquel
43.4%
Texas RangersDon Lock/George Wright
43.3%
New York MetsDavid Wright
43.3%
Tampa Bay RaysEvan Longoria
43.2%
Los Angeles AngelsRod Carew/Wally Joyner
42.9%
Detroit TigersLou Whitaker
42.9%
Tampa Bay RaysB.J. Upton/Desmond Jennings/Kevin Kiermaier
42.6%
Chicago CubsCharlie Grimm/Mark Grace
42.2%
Toronto Blue JaysDamaso Garcia
42%
New York YankeesWhitey Ford/Mel Stottlemyre/Ron Guidry
41.9%
Milwaukee BrewersRyan Braun
41.7%
Washington NationalsAndre Dawson
41.6%
Arizona DiamondbacksMiguel Montero
41.3%
Los Angeles AngelsMike Trout
41.3%
Atlanta BravesWarren Spahn
40.9%
Minnesota TwinsTorii Hunter
40.5%
Boston Red SoxDwight Evans
40.2%
Oakland AthleticsDwayne Murphy
39.6%
Texas RangersRafael Palmeiro
38.7%
Baltimore OriolesBrian Roberts
38.4%
Los Angeles DodgersPee Wee Reese
38%
Philadelphia PhilliesSteve Carlton
37.9%
Toronto Blue JaysCarlos Delgado
37.4%
Baltimore OriolesGeorge Sisler
36.8%
Tampa Bay RaysCarl Crawford
36.8%
San Diego PadresSteve Finley
36.3%
Los Angeles AngelsTim Salmon
36.2%
Los Angeles DodgersDon Sutton/Don Drysdale
36.2%
New York MetsDarryl Strawberry
35.7%
Chicago CubsFerguson Jenkins
35.5%
Colorado Rockies7 Tied
35.5%
San Francisco GiantsMel Ott
34.8%
Colorado RockiesVinny Castilla
34.5%
Minnesota TwinsWalter Johnson
34.2%
Arizona DiamondbacksTony Womack/Stephen Drew
34%
Los Angeles AngelsDoug DeCinces/Troy Glaus
33.7%
Miami MarlinsGiancarlo Stanton
32.7%
Detroit TigersJack Morris
32.2%
Cleveland IndiansBob Feller
32.1%
St. Louis CardinalsYadier Molina
32%
Kansas City RoyalsEric Hosmer/John Mayberry/Mike Sweeney
30%
New York YankeesGraig Nettles
29.3%
Los Angeles DodgersRon Cey
28.8%
Atlanta BravesSid Gordon/Ralph Garr/Ryan Klesko
28.7%
Houston AstrosJose Cruz
28.5%
Washington NationalsTim Raines
28.3%
Cleveland IndiansTravis Hafner
28.2%
Cincinnati RedsAdam Dunn
28%
Toronto Blue JaysRoy Halladay
27.9%
Miami MarlinsMike Lowell
27.7%
St. Louis CardinalsLou Brock
27.7%
Toronto Blue JaysVernon Wells
27.5%
Houston AstrosRoy Oswalt
27.4%
Seattle MarinersHarold Reynolds
27.4%
Miami MarlinsLuis Castillo
27.2%
Tampa Bay RaysToby Hall
27.2%
San Diego PadresTerry Kennedy/Benito Santiago
26.8%
New York YankeesBill Dickey
26.3%
Baltimore OriolesHarold Baines
26.2%
Chicago White SoxHarold Baines
26.2%
Oakland AthleticsEric Chavez
26%
Milwaukee BrewersCecil Cooper
25.2%
Oakland AthleticsDave Stewart
24.8%
Houston AstrosKen Caminiti
24.7%
Pittsburgh PiratesBill Mazeroski
24.3%
New York YankeesWillie Randolph
24.1%
Houston AstrosBrad Ausmus
24%
Washington NationalsAndres Galarraga
24%
San Diego PadresKen Caminiti/Chase Headley
23.7%
Los Angeles DodgersGil Hodges
23%
Philadelphia PhilliesChase Utley
23%
Minnesota TwinsTony Oliva/Sam Rice
22.9%
Los Angeles DodgersDavey Lopes
22.2%
Boston Red SoxBobby Doerr
22.1%
Pittsburgh PiratesJason Kendall
22.1%
Detroit TigersNorm Cash
21.4%
Texas RangersLarry Parrish
21.2%
San Francisco GiantsJuan Marichal
20.8%
Miami MarlinsJeff Conine
20.7%
Los Angeles AngelsDon Baylor
20.5%
San Francisco GiantsRobby Thompson
20.4%
Team Player % Correct
Chicago White SoxLuke Appling
20.4%
Los Angeles AngelsBobby Grich/Howie Kendrick
20.3%
Pittsburgh PiratesLloyd Waner/Bill Virdon/Max Carey
19.7%
Washington NationalsTim Wallach
19.4%
Chicago CubsShawon Dunston
19.3%
Los Angeles DodgersMike Scioscia
19.2%
Chicago White SoxMark Buehrle
18.9%
Oakland AthleticsTerry Steinbach
18.8%
Cincinnati RedsChris Sabo
18.7%
Texas RangersIan Kinsler
18.7%
Kansas City RoyalsHal McRae
18.5%
Washington NationalsJose Vidro
18.5%
Washington NationalsSteve Rogers
17.9%
Tampa Bay RaysJames Shields
17.9%
Baltimore OriolesNick Markakis
17.9%
Baltimore OriolesRick Dempsey
17%
Philadelphia PhilliesRichie Ashburn
17%
Houston AstrosCesar Cedeno
16.9%
Kansas City RoyalsAmis Otis
16.4%
Toronto Blue JaysJose Bautista/Jesse Barfield
16.3%
Cincinnati RedsJoey Votto/Ted Kluszewski
16.2%
Texas RangersRuben Sierra
16.1%
Chicago CubsGabby Hartnett
16%
Minnesota TwinsZollo Versalles/Roy Smalley/Greg Gagne
15.8%
Detroit TigersBill Freehan
15.3%
Milwaukee BrewersBen Sheets
14.9%
Oakland AthleticsBert Campaneris
14.8%
Boston Red SoxEverett Scott
14.6%
Baltimore OriolesPaul Blair
14.2%
St. Louis CardinalsKen Boyer
14%
Philadelphia PhilliesMike Lieberthal
13.9%
Cleveland IndiansTris Speaker
13.9%
Milwaukee BrewersJim Gantner
13.4%
San Diego PadresGarry Templeton
12.7%
St. Louis CardinalsEnos Slaughter
12.6%
Tampa Bay RaysKevin Stocker/Julio Lugo/Jason Bartlett
12.6%
New York MetsBud Harrelson
12.5%
Cincinnati RedsMario Soto
12.5%
Seattle MarinersRaul Ibanez
12.4%
Philadelphia PhilliesGreg Luzinski
12.3%
Toronto Blue JaysErnie Whitt
12.2%
Milwaukee BrewersJonathan Lucroy/B.J. Surhoff
12.1%
Los Angeles AngelsJered Weaver
11.3%
Pittsburgh PiratesPie Traynor
10.8%
Kansas City RoyalsFreddie Patek
10.7%
Kansas City RoyalsKevin Appier
10.5%
Kansas City RoyalsMike Macfarlane/Salvador Pérez
10%
Milwaukee BrewersSixto Lezcano/Jeromy Burnitz
9.8%
Colorado RockiesChris Iannetta
9.8%
New York MetsJerry Grote
9.3%
Pittsburgh PiratesArky Vaughan
9%
Los Angeles AngelsJim Fregosi
8.9%
Atlanta BravesJoe Adcock
8.7%
Los Angeles DodgersZack Wheat
8.5%
San Diego PadresGene Richards
8.2%
Chicago White SoxBibb Falk/Minnie Miñoso
7.9%
Kansas City RoyalsDanny Tartabull
7.8%
Detroit TigersBobby Veach
7.2%
Tampa Bay RaysMiguel Cairo/Ben Zobrist
7.1%
Cincinnati RedsVada Pinson/Edd Rousch
6.8%
St. Louis CardinalsTerry Moore
6.7%
Texas RangersCharlie Hough
6.6%
Los Angeles DodgersCarl Furillo
6.4%
Milwaukee BrewersDon Money
6.2%
Atlanta BravesGlenn Hubbard
6.2%
Chicago White SoxRay Schalk
6.1%
Minnesota TwinsGoose Goslin
6%
Houston AstrosTerry Puhl
5.7%
Atlanta BravesDel Crandall
5.6%
New York YankeesHank Bauer
5.2%
Cleveland IndiansKen Keltner
5.1%
Oakland AthleticsGeronimo Berroa/Erubiel Durazo
5%
Colorado RockiesDJ LeMahieu
4.9%
Cleveland IndiansBobby Avila/Bill Wambsganss
4.9%
Texas RangersElvis Andrus
4.8%
New York MetsFelix Millan
4.6%
Los Angeles AngelsBuck Rodgers
4.6%
Atlanta BravesRabbit Maranville
4.5%
St. Louis CardinalsJim Bottomley
4.4%
Cleveland IndiansHal Trosky
4.3%
San Francisco GiantsWes Westrum/Buster Posey
4.1%
Pittsburgh PiratesBob Friend
3.9%
St. Louis CardinalsJulian Javier
3.8%
Minnesota TwinsBuddy Myer
3.6%
Toronto Blue JaysRance Mulliniks
3.6%
Philadelphia PhilliesJohnny Callison
3.4%
Minnesota TwinsJoe Judge
3.3%
Minnesota TwinsEddie Yost
3.1%
Cleveland IndiansJim Hegan
2.8%
Chicago CubsAndy Pafko
2.6%
Houston AstrosRoger Metzger
2.6%
Chicago White SoxWillie Kamm
1.6%
Cleveland IndiansCharlie Jamieson
1.5%
Pittsburgh PiratesGus Suhr
1.3%

You're not logged in!

Compare scores with friends on all Sporcle quizzes.
Join for Free
OR
Log In

You Might Also Like...

Show Comments

Extras

Top Quizzes Today


Score Distribution

Your Account Isn't Verified!

In order to create a playlist on Sporcle, you need to verify the email address you used during registration. Go to your Sporcle Settings to finish the process.

Report this User

Report this user for behavior that violates our Community Guidelines.

Details: